00338nam a22001337a 4500020001800000082001400018100001700032245004800049260003500097300001000132650002100142650002500163650001600188 a9789348132673 aM4bSOM/P aSomanadhan P aPookalamonnil poonirapole/cby Somanadhan P aKozhikode:bAtma Books,c2025. a222p. aEssays Malayalam aLiterature Malayalam aLiterature